000
00355nam a22001097a 4500
040
_c
RUA
082
_a
FAO SIN 2013 C217 Or.
245
_a
បច្ចេកទេសបង្កើនផលិតកម្មទាកាប៉ាលក្ខណៈគ្រួសារ
260
_a
phnom penh
_b
rua
_c
2013
300
_a
iii.47p.
_b
ill.
_c
29cm.
942
_c
REC
999
_c
22548
_d
22548